Терапия быстрыми нейтронами в онкологии; Сибирский онкологический журнал; № 2

Bibliographic Details
Parent link:Сибирский онкологический журнал.— , 2002-
№ 2.— 2015.— [С. 88-94]
Main Author: Мусабаева Л. И. Людмила Ивановна
Corporate Author: Национальный исследовательский Томский политехнический университет (ТПУ) Физико-технический институт (ФТИ) Лаборатория получения радиоактивных веществ
Other Authors: Головков В. М. Владимир Михайлович
Summary:Заглавие с экрана
В обзоре представлен исторический очерк применения лучевой терапии быстрыми нейтронами у больных различными локализациями злокачественных новообразований. Представлен опыт применения нейтронной терапии в Томском НИИ онкологии, рассматриваются радиобиологические аспекты данного высокотехнологичного метода лечения злокачественных опухолей.
The review presents the 30-year experience of using fast neutron therapy for patients with cancer of varioussites. Radiobiological aspects of neutron fast therapy are analyzed.
Режим доступа: по договору с организацией-держателем ресурса
Language:Russian
Published: 2015
Subjects:
Online Access:http://elibrary.ru/item.asp?id=23417726
http://oncology.tomsk.ru/nii/journal/2015/2/files/soj_2015_2_88-94.pdf
Format: Electronic Book Chapter
KOHA link:https://koha.lib.tpu.ru/cgi-bin/koha/opac-detail.pl?biblionumber=643098

MARC

LEADER 00000nla0a2200000 4500
001 643098
005 20250212163438.0
035 |a (RuTPU)RU\TPU\network\8086 
090 |a 643098 
100 |a 20150831d2015 k||y0rusy50 ca 
101 0 |a rus 
102 |a RU 
135 |a drnn ---uucaa 
181 0 |a i  
182 0 |a b 
200 1 |a Терапия быстрыми нейтронами в онкологии  |d Fast Neutron therapy for cancer patients  |f Л. И. Мусабаева, В. М. Головков 
203 |a Текст  |c электронный 
300 |a Заглавие с экрана 
320 |a [Библиогр.: с. 92-93 (34 назв.)] 
330 |a В обзоре представлен исторический очерк применения лучевой терапии быстрыми нейтронами у больных различными локализациями злокачественных новообразований. Представлен опыт применения нейтронной терапии в Томском НИИ онкологии, рассматриваются радиобиологические аспекты данного высокотехнологичного метода лечения злокачественных опухолей. 
330 |a The review presents the 30-year experience of using fast neutron therapy for patients with cancer of varioussites. Radiobiological aspects of neutron fast therapy are analyzed. 
333 |a Режим доступа: по договору с организацией-держателем ресурса 
461 |t Сибирский онкологический журнал  |d 2002- 
463 |t № 2  |v [С. 88-94]  |d 2015 
510 1 |a Fast Neutron therapy for cancer patients  |z eng 
610 1 |a электронный ресурс 
610 1 |a труды учёных ТПУ 
610 1 |a лучевая терапия 
610 1 |a быстрые нейтроны 
610 1 |a радиобиология 
610 1 |a злокачественные опухоли 
700 1 |a Мусабаева  |b Л. И.  |g Людмила Ивановна 
701 1 |a Головков  |b В. М.  |c физик  |c заведующий лабораторией Томского политехнического университета, кандидат физико-математических наук  |f 1950-  |g Владимир Михайлович  |3 (RuTPU)RU\TPU\pers\28136 
712 0 2 |a Национальный исследовательский Томский политехнический университет (ТПУ)  |b Физико-технический институт (ФТИ)  |b Лаборатория получения радиоактивных веществ  |3 (RuTPU)RU\TPU\col\19672 
801 2 |a RU  |b 63413507  |c 20150831  |g RCR 
856 4 |u http://elibrary.ru/item.asp?id=23417726 
856 4 |u http://oncology.tomsk.ru/nii/journal/2015/2/files/soj_2015_2_88-94.pdf 
942 |c CF